Catálogo público

Control químico de malezas en frijol ejotero (Phaseolus vulgaris L.) / Víctor Caltempa Agüero; Director Guillermo Mondragón Pedrero (Record no. 217265)

MARC details
000 -CABECERA
campo de control de longitud fija 00854nam a2200217Ia 4500
001 - NÚMERO DE CONTROL
campo de control Para_10109
008 - DATOS DE LONGITUD FIJA--INFORMACIÓN GENERAL
campo de control de longitud fija 220602s9999 xx 000 0 und d
090 ## - LOCALMENTE ASIGNADO TIPO-LC NÚMERO DE CLASIFICACIÓN (OCLC); NÚMERO DE CLASIFICACIÓN LOCAL (RLIN)
Número de clasificación (OCLC) (R) ; Numero de clasificación, CALL (RLIN) (NR) PA CD - TESIS 188
100 ## - ENTRADA PRINCIPAL--NOMBRE DE PERSONA
Nombre de persona Caltempa Agüero, Víctor
9 (RLIN) 125624
245 ## - MENCIÓN DE TÍTULO
Título Control químico de malezas en frijol ejotero (Phaseolus vulgaris L.) / Víctor Caltempa Agüero; Director Guillermo Mondragón Pedrero
260 ## - PUBLICACIÓN, DISTRIBUCIÓN, ETC.
Lugar de publicación, distribución, etc. Chapingo, Méx.: el autor
300 ## - DESCRIPCIÓN FÍSICA
Extensión 1 CDS ROM (44 p.)
502 ## - NOTA DE TESIS
Nota de tesis Tesis (Ing. Agr. Esp. en Parasitología Agrícola). UACh. Departamento Parasitología Agrícola
700 ## - PUNTO DE ACCESO ADICIONAL--NOMBRE DE PERSONA
Nombre de persona Mondragón Pedrero, Guillermo. Director
9 (RLIN) 175139
710 ## - PUNTO DE ACCESO ADICIONAL--NOMBRE DE ENTIDAD CORPORATIVA
Nombre de entidad corporativa o nombre de jurisdicción como elemento de entrada UACh. Departamento Parasitología AgrícolaÌ
9 (RLIN) 185010
901 ## - ELEMENTOS DE DATOS A LOCAL LDA (RLIN)
a PA CD - TESIS 188
902 ## - ELEMENTOS DE DATOS B LOCAL, LDB (RLIN)
a M
905 ## - ELEMENTOS DE DATOS E LOCAL, LDE (RLIN)
a 513220sEPTIEMBRE,2012 N 8100000000 06
942 ## - ELEMENTOS DE PUNTO DE ACCESO ADICIONAL (KOHA)
Tipo de ítem Koha Tesis_
Holdings
Estado de retiro Estado de pérdida Fuente del sistema de clasificación o colocación Estado dañado Restricciones de uso No para préstamo Código de colección Localización permanente Ubicación/localización actual Ubicación en estantería Fecha de adquisición Total de préstamos Código de barras Fecha visto por última vez Número de copia Precio válido a partir de Tipo de ítem Koha Nota pública
    Clasificación Universidad Autónoma de Chapingo   Préstamo interno   Tesis Parasitologia Agricola Parasitologia Agricola   19/01/2015   PA_010263 02/06/2022 1 02/06/2022 Tesis digital 3